Rozpoznaj piosenkę po wersie Szpaka - Statystyki

Ogólne statystyki
  • Ten quiz został rozwiązany 344 razy
  • Średni wynik to 13 z 37
Statystyki odpowiedzi
Tekst Piosenka % Poprawnych
Cyklofrenia to problemy na szyi, puścił twój limit Mini Mini
72%
I przekaż swojej dupce co przewijam w piątym wersie Bo ciągle do mnie pisze, żebym nagrywał więcej UFO
62%
Oni mówili, że nikim nie będę. Dopiero jak nikim nie byłem Hinata
59%
W wieku dwudziestu lat zostałem alkoholikiem Jak miałem jebaną czelność, mówić, że gardzę życiem Alicja
56%
Ja i moje paranoje, yeah, yeah Ciągle walczę, tamte k***y nie dostaną mnie Koniec
54%
Kocham zapach jej włosów, kocham zapach jej skóry Kocham kiedy mnie nie budzi ze snu Umrzyj Ze Mną
51%
Prosta sprawa, z frajerem dętym nie gada nikt Pseudoraper do mnie strzela, nie czuję nic Ćmy
49%
I chociaż było nas mało, to w bani do dziś zostało. Że ja to Konan, chłopak, stworzyły kartki na blokach Ninja
48%
Przez ALC do BOR - zrobimy sos! Bajka
46%
Wyjdź z mojej głowy, chcemy zostać sami Znowu po Morągu latam wyjebany Hello Kitty
46%
Kot nie potrzebuje smyczy Co mam w planach, masz w refrenie, reszta już się nie liczy Król Lew
46%
Chudy Ed, nie widziałeś mnie bez czapy. Takie czasy, co ci mogę powiedzieć? W Krainie Czarów
46%
Puściłem bardzo ciężką płytę, piszą, że ogień. Jak mam kochać swoje smutki, które płaczą we mnie ciągle? Ból
44%
Nie dotykaj moich ludzi Roko na czerwono brudzi Kabzzlook
40%
Baby, jem se pizze, siedzę dzisiaj w podziemiu Żółwie Ninja
40%
Nie ma zasad w naszych blokach. Blizny krzyczą bym biegł Artysta Z Blizną
39%
Bezczelnie zjadam tą scenę, więc czekasz na solo ziomal Dzieci Burzy
34%
Obite głowy, zatrzymane akcje serca. Choć to nie Split, to na końcu czeka bestia Wybory
34%
Subkultura nowych bloków, tulipany szklanych domów Niepokoje
33%
Czasami nie mamy wpływu, te wersy to dowód, pamiętaj. Że z każdego piekła jest brama Brawa, nara! Smutne Miasteczko
33%
Boli bardzo, ale było warto Stare Graffiti
32%
Matiego już nie poznasz z Instagrama bejbe Pająki
31%
W moim bardzo małym świecie, nie ma k***a twojej drogi Mały Świat
29%
Niepoczytalny bandyta bardzo kocha swego syna Niepokoje
29%
I SRAM NA KWIT JEŚLI ZMIENIĆ MAM SWÓJ STYL! GUMMO
27%
Jak klepaliśmy razem biedę to sklepiemy i hajs Schumacher
27%
Się nazwałem Młodym Simbą (Real talk!) Dziś jak w tej bajce walczę z blizną Kochać Bloki
26%
Mamy medale za te papierki aluminiowe Mamy nagrody za teleskopy na k****ch łamane Bracie Mój
25%
Muszę w końcu coś pozmieniać, żeby było git Jakoś idzie
25%
Jestem Szpaku albo Simba, Mati tylko dla małej A Sami Swoi
24%
Jestem nowym głosem ulic, haki na mnie masz na płycie Minimini - nie ukryjesz nic jak kochasz tą muzykę Dobry Chłopak
23%
Za małolata dałem jej płytkę "W pogoni za" Ona osrała tam moje intencje, nie miałem płytki, zostałem sam Nad Ranem
23%
Chodzili na czworaka, żeby być tu, gdzie teraz BOBO
20%
Dzwonił Fryderyk by odebrać nas Killoff
18%
Jestem w tym imbą bez eski. Nie chcę być jakiś, chce być pierwszy Z Wami
17%
Tak słyszałem od tych k***w, co na wszystko patrzą z bólem Odpięte wrotki
15%
Byłem aspołecznym kotem, nigdy nie walczyłem z tym. Moje wady to był sukces, robimy nowy film Nowe Skoki
14%
Nie znaleziono quizów pasujących do podanych kryteriów
Rozkład punktacji
Procent ludzi z każdym wynikiem
Percentyl według liczby udzielonych odpowiedzi
Twoja historia wyników
Nie rozwiązałeś tego quizu